[Event "Paris-ch op-B"]
[Site "Paris"]
[Date "2009.07.09"]
[Round "6"]
[White "Stephan, Emmanuel"]
[Black "Talavera, Jean"]
[Result "1-0"]
[WhiteElo "1727"]
[BlackElo "1797"]
[PlyCount "53"]
[EventDate "2009.07.04"]
[EventType "swiss"]
[EventRounds "9"]
[EventCountry "FRA"]
[SourceTitle "EXT 2010"]
[Source "ChessBase"]
[SourceDate "2010.11.25"]
[SourceVersion "1"]
[SourceVersionDate "2010.11.25"]
[SourceQuality "1"]

1. e4 d6 2. d4 Nf6 3. Nc3 g6 4. f4 Bg7 5. Nf3 c5 6. Be3 Ng4 7. Bg1 Qa5 8. a3 Nf6 9. Qd2 Nbd7 10. g4 a6 11. e5 Ng8 12. 0-0-0 e6 13. dxc5 d5 14. f5 Rb8 15. fxe6 fxe6 16. Qf4 Nh6 17. Nxd5 exd5 18. e6 Nxc5 19. Bxc5 Qxc5 20. Qxb8 0-0 21. Bg2 Qb6 22. c3 Bxe6 23. Qg3 Nf7 24. Nd4 Ne5 25. Nxe6 Nc4 26. b3 Bxc3 27. Qxc3 1-0

[Event "Paris-ch op-B"]
[Site "Paris"]
[Date "2009.07.07"]
[Round "4"]
[White "Caille, Vincent"]
[Black "Talavera, Jean"]
[Result "1/2-1/2"]
[WhiteElo "1633"]
[BlackElo "1797"]
[PlyCount "73"]
[EventDate "2009.07.04"]
[EventType "swiss"]
[EventRounds "9"]
[EventCountry "FRA"]
[SourceTitle "EXT 2010"]
[Source "ChessBase"]
[SourceDate "2010.11.25"]
[SourceVersion "1"]
[SourceVersionDate "2010.11.25"]
[SourceQuality "1"]

1. e4 d6 2. f4 Nf6 3. Nc3 g6 4. d4 Bg7 5. Bc4 c6 6. e5 Nd5 7. Nxd5 cxd5 8. Bb3 e6 9. Nf3 0-0 10. 0-0 Nc6 11. a3 dxe5 12. fxe5 f6 13. Bf4 fxe5 14. Nxe5 Nxe5 15. dxe5 Bd7 16. Qd4 Bc6 17. Bg3 Qc7 18. c4 Rfd8 19. Rac1 Qa5 20. cxd5 Bxd5 21. Bxd5 Rxd5 22. Qg4 Re8 23. Qf3 Rf8 24. Qe4 Rxf1+ 25. Kxf1 Qb5+ 26. Qc4 h5 27. b4 a5 28. Qxb5 Rxb5 29. Rc5 Rxc5 30. bxc5 a4 31. Ke2 Bh6 32. Kd3 Bc1 33. Kc4 Bxa3 34. Kb5 Kf7 35. h3 Ke7 36. Bf4 Kd7 37. Bg3 1/2-1/2

[Event "FRA-chT4 0001"]
[Site "Bretagne"]
[Date "2000.11.19"]
[Round "2"]
[White "Le Duby, P."]
[Black "Talavera, Jean"]
[Result "1-0"]
[WhiteElo "1770"]
[BlackElo "1880"]
[PlyCount "36"]
[EventDate "2000.10.??"]
[EventType "team"]
[EventRounds "7"]
[EventCountry "FRA"]
[SourceTitle "EXT 2005"]
[Source "ChessBase"]
[SourceDate "2004.11.15"]
[SourceVersion "1"]
[SourceVersionDate "2004.11.15"]
[SourceQuality "1"]

1. c4 Nf6 2. Nc3 d5 3. cxd5 Nxd5 4. Nf3 g6 5. d4 Bg7 6. e3 Nxc3 7. bxc3 0-0 8. Bd3 c5 9. 0-0 Nc6 10. h3 e5 11. Ba3 Re8 12. Nxe5 Nxe5 13. dxe5 Rxe5 14. Qc2 Qc7 15. Rfd1 b6 16. Bb5 a6 17. Qa4 Ra7 18. Bf1 Re8 1-0

[Event "FRA-chT4 0001"]
[Site "Bretagne"]
[Date "2000.10.15"]
[Round "1"]
[White "Talavera, Jean"]
[Black "Poulhalec, Jean Francois"]
[Result "0-1"]
[WhiteElo "1880"]
[BlackElo "1780"]
[PlyCount "54"]
[EventDate "2000.10.??"]
[EventType "team"]
[EventRounds "7"]
[EventCountry "FRA"]
[SourceTitle "EXT 2005"]
[Source "ChessBase"]
[SourceDate "2004.11.15"]
[SourceVersion "1"]
[SourceVersionDate "2004.11.15"]
[SourceQuality "1"]

1. e4 c6 2. d4 d5 3. Nc3 dxe4 4. Nxe4 Bf5 5. Ng3 Bg6 6. h4 h6 7. h5 Bh7 8. Nf3 Nd7 9. Bd3 Bxd3 10. Qxd3 Ngf6 11. Bd2 e6 12. Qe2 Qe7 13. Ne5 c5 14. Nxd7 Qxd7 15. 0-0-0 cxd4 16. Bc3 Bc5 17. Bxd4 Bxd4 18. c3 Rc8 19. Kb1 Qc6 20. Rxd4 Qxg2 21. Rhd1 0-0 22. Ne4 Nxe4 23. Rxe4 Rfd8 24. Re1 Qg5 25. Rg4 Rd2 26. Qe4 Qb5 27. b3 Qa5 0-1